I Go Both Ways Quiz Stats

Quiz Updated Mar 6, 2015

Also try: Pick-A-Pun
Challenge
Share
Tweet
Score 0/25 Timer 04:00
3 Plays Today
% Correct
Madam
80.7%
No Lemon
80.1%
Step On
79.6%
Go Hang a Salami
76.1%
Desserts
76.1%
Evil did I Dwell
74.1%
Live Not
73.8%
Lived on Decaf
73.7%
Dennis and
72.1%
Was it a Car
72%
Race Fast
71.2%
Poor Dan
70.8%
Murder For a
70.1%
% Correct
Denim Axes
69.7%
Never Odd
69.5%
Too bad
69.3%
Rise to
68.4%
Was It Eliot's
68.1%
Are We Not Drawn
66.6%
Delia Saw
66.6%
Won't Lovers
66%
Ma is a Nun
64.8%
Mr. Owl Ate
64.2%
Some Men
61.8%
No Trace
60.9%

You're not logged in!

Compare scores with friends on all Sporcle quizzes.
Join for Free
OR
Log In

You Might Also Like...

Show Comments

Extras

Top Quizzes Today


Score Distribution

Your Account Isn't Verified!

In order to create a playlist on Sporcle, you need to verify the email address you used during registration. Go to your Sporcle Settings to finish the process.

Report this User

Report this user for behavior that violates our Community Guidelines.

Details: